01719nam a2200193Ia 4500008004100000040001800041041000800059100003000067245020400097260004700301300004500348500059400393504002200987505040401009506002201413650001501435650004901450700002601499130821s1726 sp a gr spa  aCo-BoUCMbspa0 aspa1 aArredondo, Antonio Joseph10aCura de Dios y pastor de Jesu-Christobideado de la Sagrada Escritura, mayormente el Evangelio, Santos Padres y Doctores de la Iglesia ...cpor el doctor D. Antonio Joseph de ArredondopSegunda parte aMadrid (España)bPor Alonso Balvasc1726 a[54], 524, [20] páginasbilustraciones aDetalles físicos: Encuadernación flexible en pergamino con bordes rasgados y piel algo manchada, conserva uno de sus cierres. Guardas en papel con texto impreso, conserva anteportada y portada impresa a una sola tinta con una orla decorativa. Texto impreso en una sola columna con notas al margen. Algunos elementos decorativos. Dedicatoria a San Ibon, a Diego de Artoga y Cespedes, arzobispo de Toledo. Licencia. Aprobación. Fe de erratas y tasación. Primeras hojas rasadas. Papel muy manchado. En tasa anotación manuscrita, otra en la anteportada, y sellos de tinta en portada. aIncluye índice.0 aLibro primero de el (sic) acierto sagrado de un cura á sus feligreses en el templo de Dios, y aprecios de sus ministros. ; Libro segundo de el (sic) acierto de un Cura á sus feligreses en la casa de Dios, empleo de sus caudales, acuerdos, y castigos de su iglesia. ; Libro tercero de el (sic) acierto económico de un cura a sus feligreses en su propia casa, consigo, con los suyos, y con todos aConsulta en sala.04aReligión04aTeología pastoralxObras anteriores a 17001 aBalvas, Alonsoeimpr.